Estadísticas para Raíces Latínas o Griegas #2

Haz click aquí para intentar la prueba.

Estadísticas generales

  • Esta prueba ha sido intentada 722 veces
  • La puntuación promedio es 8 de 21

Estadísticas de respuestas

RaícesPalabra en Español% Correcto
Carne + ComerCarnívoro
72%
Madre + GobernanteMatriarca
59%
Cien + PieCiempiés
56%
Tres + PieTrípode
55%
Uno + MatrimonioMonogamia
54%
Todo + PoderosoOmnipotente
53%
Padre + MatarParricidio
52%
Animal + EstudioZoología
52%
Agua + MiedoHidrofobia
49%
Odio + MujerMisoginia
49%
Antes + NacimientoPrenatal
44%
Fuego + LocuraPiromanía
42%
Diferente + GéneroHeterogéneo
31%
Falso + NombreSeudónimo
30%
Mismo + SonidoHomófono
27%
Amor + HumanoFilantropía
23%
Distancia + SonidoTeléfono
22%
Siete + ConcursoHeptatlón
19%
Bajo + CalorHipotermia
19%
Luz + EscribirFotografía
18%
a Través + CargarTransportar
10%

Distribución de puntuación

Porcentaje por número respondido

Porcentaje de gente con cada puntuación

Historial de tus puntuaciones

No has intentado esta prueba.